000 00574nam a2200229Ia 4500
003 OSt
005 20221014160758.0
008 210210b2006 xxu||||| |||| 00| 0 eng d
020 _a0471742686
040 _cAL
041 _aeng
082 _a574.192 VOEF
100 _aVOET (Donald)
_959600
245 _aFundamentals of biochemistry: life at the molecular level
250 _a2
260 _aNJ
_bJohn Wiley and Sons
_c2006
300 _axviii,1245
690 _aBiochemistry
_959601
700 _aVOET (Judith G)
_959602
906 _a062378
942 _2ddc
_cBK
999 _c117403
_d117403